000 01468nam a2200373 4500
003 EG-GICUC
005 20260121101734.0
008 260118s2001 ua ||||fr|||| 00| 0 ara d
017 _a2001/7643
040 _a EG-GICUC
_bara
_c EG-GICUC
_d EG-GICUC
_erda
041 _aara
082 0 4 _221
_a345.23
_bا ل . ا
092 0 4 _221
099 _aLaw1 07 345.23 ا ل . ا 2001
100 0 _aالسيد عبد المطلب غانم
_eمؤلف.
245 1 2 _aاللامركزية و قضايا المحليات /
_cالسيد عبد المطلب غانم
264 1 _aالقاهرة:
_bمركز دراسات و استشارات الإدارة العامة ،
_c2001.
300 _a123 ؛صفحة
_c24 سم
336 _2rda content
_atext
337 _2rda media
_aComputer
338 _2rda carrier
_aOnline Resource
490 _aالإصلاح المؤسسي بين المركزية و اللامركزية
_v7
504 _aيشتمل على إرجاعات ببليوجرافية.
546 _aالنص باللغة العربية
650 1 _aالقانون الإداري
_2qrmak
650 1 _aاللامركزية الإدارية
651 1 _2qrmak
700 _aسمير عبد الوهاب
_eمؤلف مشارك.
700 _aحسن العلواني
_eمؤلف.
700 _aكمال المنوفي
_eمحرر.
856 4 0 _uhttps://fll.law.cu.edu.eg/fulltext/bks/B07-00818.pdf
905 _a74
942 _2ddc
_n0
_cBK
_e21
999 _c57414
_d57414